| 000 | 01042nam a2200217Ia 4500 | ||
|---|---|---|---|
| 999 |
_c8423 _d8423 |
||
| 005 | 20241210104914.0 | ||
| 008 | 230621s9999 xx 000 0 und d | ||
| 020 | _a950-07-0946-5 | ||
| 040 |
_aUPAN _cBiblioteca San Vicente _eRCAA2 |
||
| 041 | _aspa | ||
| 082 |
_a350.9 _bK558c _c1994 |
||
| 100 |
_aKlitgaard, Robert _4aut. |
||
| 245 | 0 |
_aControlando la Corrupción: _bUna indagación practica para el gran problema social de fin de siglo/ _cRobert Klitgaard; Emilio M. Sierra Ochoa |
|
| 250 | _a1° ed. | ||
| 260 |
_aBuenos Aires: _bSudamericana, _c1994 |
||
| 300 |
_a227 p.; _c23 cm. |
||
| 505 | _a1. Introducción. 2. Objetivos. 3. Medidas de política. 4. Desmantelar la corrupción: cuándo y cómo crear una oficina anticorrupción. 5. Combinación de políticas internas y externas. 6. La corrupción en un choque de culturas. 7. Estrategias de implantación o puesta en práctica. 8. Revisión y ampliación. | ||
| 650 |
_2LEMP _xCorrupción administrativa |
||
| 700 |
_aSierra Ochoa, Emilio M. _4tr. |
||
| 942 |
_cBK _2ddc |
||